00884 2200325 4500001002100000005001500021035002000036007000300056008004100059040001700100100001500117245009400132250000900226300003100235020002200266041000800288082001000296084001400306090001800320260003000338600001500368700002300383850001000406990002400416990002400440990002400464990002200488990002400510990002400534INLIS00000000000192220260603010134 a0010-0120000365ta260603 1  aSBPUPADbEng0 aBugs Bunny1 aBugs Bunny :bMasalah Baru Saja Menemukanku /cPengarang ,Warner Bros; Penerjemah: Ariata aEd.1 a112 hlm. :bilus. ;c28 cm a978-979-29-5356-5 aEng a371.1 a372 BUG b a372 BUG b 9-2 aYogyakarta :bAndi,c2015 4aPendidikan aPenerjemah: Ariata aPUPAD a33.743/DAK/DPK/2019 a33.745/DAK/DPK/2019 a33.746/DAK/DPK/2019 a27.689/P/DPK/2018 a33.745/DAK/DPK/2019 a33.744/DAK/DPK/2019